[Event "Tbilisi Municipality Cup"]
[Site "?"]
[Date "2009.06.18"]
[Round "4.13"]
[White "Maghalashvili Davit"]
[Black "Mamedjarova Zeinab"]
[Result "0-1"]
[WhiteElo "2490"]
[BlackElo "2316"]
[PlyCount "100"]
[EventDate "2009.??.??"]
[SourceDate "2009.06.18"]

1. Nf3 f5 2. g3 g6 3. Bg2 Bg7 4. d4 Nf6 5. O-O O-O 6. c4 d6 7. Nc3 Qe8 8. d5
Na6 9. Nd4 Bd7 10. Rb1 c6 11. b3 Rc8 12. Bb2 Nc5 13. Nc2 Qf7 14. f3 g5 15. Qd2
Qg6 16. b4 Na6 17. dxc6 bxc6 18. b5 Nc5 19. Nb4 cxb5 20. cxb5 Rf7 21. Kh1 f4
22. Nbd5 fxg3 23. Nxf6+ Bxf6 24. hxg3 Be5 25. Qe1 Bd4 26. e3 Nd3 27. Qd2 Be5
28. f4 gxf4 29. gxf4 Nxb2 30. fxe5 Nc4 31. Qd4 Qh6+ 32. Kg1 Qxe3+ 33. Qxe3 Nxe3
34. Rxf7 Kxf7 35. Nd5 Nxg2 36. Kxg2 Rc5 37. Rf1+ Ke8 38. Rd1 Bxb5 39. Kg3 dxe5
40. Ne3 Rc3 41. Kf2 Bc6 42. Rb1 a5 43. Ke2 Be4 44. Rb8+ Kd7 45. Kf2 a4 46. Rb4
Bc6 47. Ke2 Rc1 48. Kd2 Ra1 49. Rb2 a3 50. Rc2 Ba4 0-1

[Event "Tbilisi Municipality Cup"]
[Site "?"]
[Date "2009.06.18"]
[Round "4.14"]
[White "Rasulov Vugar"]
[Black "Gassanov Assif"]
[Result "1-0"]
[WhiteElo "2488"]
[BlackElo "2281"]
[PlyCount "39"]
[EventDate "2009.??.??"]
[SourceDate "2009.06.18"]

1. d4 Nf6 2. c4 e6 3. Nf3 b6 4. g3 Bb7 5. Bg2 Be7 6. O-O O-O 7. d5 exd5 8. Nh4
c6 9. cxd5 Nxd5 10. Nf5 Nc7 11. e4 d5 12. Nc3 g6 13. Nxe7+ Qxe7 14. exd5 Nxd5
15. Nxd5 cxd5 16. Bh6 Rd8 17. Re1 Qf6 18. Qd2 Qf5 19. Qc3 f6 20. Bh3 1-0

[Event "Tbilisi Municipality Cup"]
[Site "?"]
[Date "2009.06.18"]
[Round "4.15"]
[White "Qashashvili Alexandre"]
[Black "Kekelidze Mikheil"]
[Result "0-1"]
[WhiteElo "2271"]
[BlackElo "2468"]
[PlyCount "102"]
[EventDate "2009.??.??"]
[SourceDate "2009.06.18"]

1. e4 c5 2. Nf3 e6 3. d4 cxd4 4. Nxd4 a6 5. Nc3 Qc7 6. g3 Bb4 7. Bd2 Nc6 8. Nb3
Nf6 9. Bg2 Be7 10. O-O O-O 11. f4 Rd8 12. g4 d5 13. exd5 Nxd5 14. Nxd5 exd5 15.
f5 a5 16. a4 Bf6 17. Bf4 Qb6+ 18. Kh1 Bxb2 19. Rb1 Be5 20. Bxe5 Nxe5 21. Nd4
Qf6 22. Nb5 Bd7 23. Qd4 Nc4 24. Qxf6 gxf6 25. Nc7 Rab8 26. Nxd5 Kg7 27. Rf4 Ne5
28. Rd4 Bc6 29. Rbd1 Bxd5 30. Bxd5 b6 31. c4 Rd6 32. Re4 Nc6 33. Kg2 Rbd8 34.
Kg3 Nb4 35. Red4 Na6 36. Re4 Nc5 37. Re7 R6d7 38. Rde1 Nxa4 39. Bxf7 Kf8 40.
Rxd7 Rxd7 41. Bd5 Rd6 42. Re3 Nc5 43. Ra3 a4 44. Ra1 b5 45. Rb1 a3 46. cxb5
Rxd5 47. Ra1 Rd3+ 48. Kf4 Rd4+ 49. Ke3 Ra4 50. Ra2 Ke7 51. h4 Rxg4 0-1

[Event "Tbilisi Municipality Cup"]
[Site "?"]
[Date "2009.06.18"]
[Round "4.16"]
[White "Bagaturov Giorgi"]
[Black "Jamagidze Mikheil"]
[Result "0-1"]
[WhiteElo "2467"]
[BlackElo "2263"]
[PlyCount "144"]
[EventDate "2009.??.??"]
[SourceDate "2009.06.18"]

1. c4 e5 2. g3 Nf6 3. Bg2 c6 4. Nf3 e4 5. Nd4 Qb6 6. Nc2 d5 7. cxd5 cxd5 8. O-O
Be7 9. b3 Nc6 10. Bb2 h5 11. d3 h4 12. dxe4 dxe4 13. Nd2 hxg3 14. hxg3 Qc5 15.
e3 Bg4 16. f3 exf3 17. Bxf3 Qh5 18. Rf2 Rd8 19. Bd4 Rh6 20. Qe2 Qh3 21. Nf1 Ne4
22. Rh2 Bxf3 23. Qxf3 Ng5 24. Qh1 Qf5 25. Rxh6 gxh6 26. Qg2 Nf3+ 27. Kh1 Ncxd4
28. Nxd4 Nxd4 29. exd4 Qd5 30. Qxd5 Rxd5 31. Rd1 Bf6 32. Ne3 Rxd4 33. Rxd4 Bxd4
34. Nf5 Be5 35. g4 Bf4 36. Kg2 Kd7 37. Kf3 Bc1 38. Ke4 Ke6 39. Nd4+ Kf6 40. Nb5
a6 41. Nd6 b6 42. a4 Ba3 43. Nc4 Bc5 44. b4 Bxb4 45. Nxb6 Kg5 46. Kf3 f5 47.
gxf5 Kxf5 48. Nd5 Bd6 49. Ne3+ Ke6 50. Ke4 h5 51. Nf5 Be5 52. Ne3 h4 53. Kf3 h3
54. Nc4 Bc7 55. Ne3 Bd6 56. Nc4 Bb8 57. Ne3 Bc7 58. Nc2 Bd6 59. Ne3 Kd7 60. Ng4
Kc6 61. Nf2 h2 62. Kg2 Kd5 63. Ng4 Kc4 64. a5 Kb5 65. Nf6 Kxa5 66. Ne4 Be7 67.
Kxh2 Kb4 68. Kg2 a5 69. Nf2 a4 70. Kf3 a3 71. Nd3+ Kc3 72. Nc1 Kc2 0-1

[Event "Tbilisi Municipality Cup"]
[Site "?"]
[Date "2009.06.18"]
[Round "4.17"]
[White "Gugulashvili Tamaz"]
[Black "Javakhishvili Lela"]
[Result "1/2-1/2"]
[WhiteElo "2087"]
[BlackElo "2463"]
[PlyCount "70"]
[EventDate "2009.??.??"]
[SourceDate "2009.06.18"]

1. d4 Nf6 2. Nf3 e6 3. Bg5 h6 4. Bxf6 Qxf6 5. c3 b6 6. e4 Bb7 7. Nbd2 Qd8 8.
Bd3 d6 9. O-O Nd7 10. Qe2 a6 11. a4 Be7 12. e5 O-O 13. Ne4 Re8 14. Rad1 Bc6 15.
b3 Qb8 16. Ng3 dxe5 17. Nxe5 Nxe5 18. dxe5 Qb7 19. Be4 Rad8 20. Qf3 Bxe4 21.
Nxe4 Kf8 22. Qe3 Kg8 23. Qf3 Qc8 24. c4 Rxd1 25. Rxd1 Rd8 26. Rd3 Kf8 27. Kf1
Ba3 28. Qd1 Ke7 29. Rxd8 Qxd8 30. Qxd8+ Kxd8 31. Ke2 Bb2 32. f4 Ke7 33. Kf3 f6
34. Nf2 Bd4 35. Nd3 Bg1 1/2-1/2

[Event "Tbilisi Municipality Cup"]
[Site "?"]
[Date "2009.06.18"]
[Round "4.18"]
[White "Gaprindashvili Valeriane"]
[Black "Janiashvili Irakli"]
[Result "1/2-1/2"]
[WhiteElo "2453"]
[BlackElo "2208"]
[PlyCount "82"]
[EventDate "2009.??.??"]
[SourceDate "2009.06.18"]

1. Nf3 d5 2. e3 Nf6 3. c4 e6 4. d4 Be7 5. b3 O-O 6. Bd3 b6 7. O-O Bb7 8. cxd5
Nxd5 9. Qe2 c5 10. Bb2 cxd4 11. Nxd4 Nb4 12. Bc4 Bf6 13. Rd1 Qe7 14. e4 Nd7 15.
a3 Bxd4 16. Bxd4 Nc6 17. Bc3 Nde5 18. Nd2 Rfd8 19. Qe3 Nxc4 20. Nxc4 Rxd1+ 21.
Rxd1 Rd8 22. Rxd8+ Qxd8 23. h3 f6 24. e5 f5 25. Nd6 Ba8 26. b4 Ne7 27. Bd4 Qc7
28. b5 Bd5 29. Kh2 Nc8 30. Qg3 Qd7 31. a4 Qd8 32. Kg1 Qd7 33. Qg5 Bb3 34. a5
bxa5 35. Qc1 Nxd6 36. exd6 Ba4 37. Qc7 Bxb5 38. Qb8+ Kf7 39. Qh8 Kg6 40. h4 h5
41. f3 Qf7 1/2-1/2

[Event "Tbilisi Municipality Cup"]
[Site "?"]
[Date "2009.06.18"]
[Round "4.19"]
[White "Beradze Irakli"]
[Black "Benidze Davit"]
[Result "0-1"]
[WhiteElo "2171"]
[BlackElo "2442"]
[PlyCount "118"]
[EventDate "2009.??.??"]
[SourceDate "2009.06.18"]

1. e4 c5 2. c3 Nf6 3. e5 Nd5 4. d4 cxd4 5. cxd4 Nc6 6. Nf3 d6 7. Bc4 Nb6 8. Bb5
a6 9. Bxc6+ bxc6 10. h3 d5 11. Nc3 e6 12. O-O Bd7 13. Be3 Nc4 14. b3 Nxe3 15.
fxe3 c5 16. Rc1 Rc8 17. Qd3 Qa5 18. Ng5 Be7 19. h4 Bxg5 20. hxg5 Qd8 21. e4
cxd4 22. Qxd4 Qxg5 23. exd5 exd5 24. Qxd5 Qe3+ 25. Kh1 Be6 26. Qf3 Qh6+ 27. Kg1
O-O 28. Ne2 Qd2 29. Rfd1 Qxa2 30. Rxc8 Bxc8 31. Nd4 Qa5 32. Qf4 Qb6 33. Kh2 Qg6
34. Rd2 Re8 35. Re2 h6 36. Qe4 Qxe4 37. Rxe4 g6 38. Re3 Bb7 39. b4 Bd5 40. Ne2
g5 41. Nd4 Rb8 42. Nc2 Rc8 43. Re2 Kg7 44. Ne3 Be6 45. Rb2 Rc3 46. Nd1 Rd3 47.
Nf2 Rd5 48. Ra2 Rxe5 49. Rxa6 Rb5 50. Ra4 Bb3 51. Ra3 Rxb4 52. Nd3 Rh4+ 53. Kg1
Be6 54. Ne5 Re4 55. Nf3 Kg6 56. Ra5 f6 57. Nd2 Re2 58. Nf3 Re4 59. Rc5 h5 0-1

[Event "Tbilisi Municipality Cup"]
[Site "?"]
[Date "2009.06.18"]
[Round "4.20"]
[White "Shengelia Davit"]
[Black "Tovmasian Vardges"]
[Result "1-0"]
[WhiteElo "2549"]
[BlackElo "2195"]
[PlyCount "85"]
[EventDate "2009.??.??"]
[SourceDate "2009.06.18"]

1. d4 e6 2. c4 d5 3. Nf3 Nf6 4. e3 c5 5. cxd5 exd5 6. Bb5+ Bd7 7. Bxd7+ Nbxd7
8. dxc5 Nxc5 9. O-O Be7 10. Bd2 O-O 11. Bc3 Rc8 12. Bd4 Qa5 13. Nc3 Nce4 14.
Qb3 Rc7 15. Rad1 Rd8 16. Qb5 Qxb5 17. Nxb5 Rc2 18. Nxa7 Ng4 19. Rc1 Re2 20. Rc7
Bd6 21. Rxb7 Ngxf2 22. Nb5 Ng4 23. Nxd6 Nxd6 24. Rb3 Nc4 25. Re1 Rc2 26. Rc3
Rxc3 27. Bxc3 Ra8 28. b3 Ncxe3 29. h3 Nc2 30. Re2 Nge3 31. Nd4 Nxd4 32. Bxd4
Nf5 33. Bc5 Ng3 34. Rd2 Ne4 35. Rxd5 Nc3 36. Rd3 Nxa2 37. b4 Nc1 38. Re3 f5 39.
b5 f4 40. Ra3 Rd8 41. b6 Nd3 42. Be7 Rd7 43. Ra7 1-0

[Event "Tbilisi Municipality Cup"]
[Site "?"]
[Date "2009.06.18"]
[Round "4.21"]
[White "Jojua Davit"]
[Black "Ter-Karapetian Alexi"]
[Result "1-0"]
[WhiteElo "2520"]
[BlackElo "2191"]
[PlyCount "79"]
[EventDate "2009.??.??"]
[SourceDate "2009.06.18"]

1. d4 d5 2. c4 c6 3. Nf3 Nf6 4. Nc3 e6 5. e3 Nbd7 6. Bd3 dxc4 7. Bxc4 b5 8. Bd3
a6 9. a4 b4 10. Ne4 c5 11. dxc5 Nxc5 12. Nxc5 Bxc5 13. Qe2 Qb6 14. O-O Bb7 15.
e4 h6 16. a5 Qa7 17. Nd2 Rd8 18. Nb3 Be7 19. Be3 Qa8 20. Nc5 O-O 21. f3 Bc8 22.
Rfc1 Ne8 23. Na4 Bd6 24. Nb6 Qb8 25. Nxc8 Rxc8 26. Rxc8 Qxc8 27. Bxa6 Qb8 28.
g3 f5 29. exf5 exf5 30. Bf2 Nc7 31. Bc4+ Kh8 32. a6 Re8 33. Qd3 Be5 34. Qxf5
Bxb2 35. Bd3 Kg8 36. Qh7+ Kf7 37. Bg6+ Kf6 38. Bxe8 Qxe8 39. Ra5 Qe6 40. a7 1-0

[Event "Tbilisi Municipality Cup"]
[Site "?"]
[Date "2009.06.18"]
[Round "4.23"]
[White "Ghassan M.A"]
[Black "Petrosian David"]
[Result "0-1"]
[WhiteElo "2193"]
[BlackElo "2490"]
[PlyCount "134"]
[EventDate "2009.??.??"]
[SourceDate "2009.06.18"]

1. e4 e6 2. d4 d5 3. Nc3 Nf6 4. Bg5 dxe4 5. Nxe4 Be7 6. Bxf6 gxf6 7. Nf3 a6 8.
Bd3 f5 9. Ng3 c5 10. dxc5 Nd7 11. c3 Nxc5 12. Bc2 Qxd1+ 13. Rxd1 Bd7 14. O-O h5
15. Rfe1 h4 16. Ne2 O-O-O 17. Ne5 Be8 18. Nd4 Bf6 19. f4 Kc7 20. Ndf3 Rxd1 21.
Rxd1 Rg8 22. Rd2 Nd7 23. Kf2 Nxe5 24. Nxe5 Be7 25. b4 Bd6 26. Rd4 Rg7 27. Bd1
f6 28. Nf3 Rg4 29. g3 hxg3+ 30. hxg3 Rg7 31. Rc4+ Kd8 32. Nd4 Bd7 33. Bf3 e5
34. Bxb7 exd4 35. Rxd4 Bb8 36. c4 a5 37. a3 Kc7 38. Bf3 Rh7 39. c5 Rh2+ 40. Ke3
Ra2 41. Rd3 Bb5 42. Rc3 Ba7 43. Bd5 Rb2 44. Rb3 Rc2 45. Kf3 Be2+ 46. Ke3 Bf1
47. Rb1 Bb5 48. Rh1 Re2+ 49. Kf3 Re7 50. Rh6 Rd7 51. Be6 Rd3+ 52. Kf2 Rxa3 53.
Rh7+ Kc6 54. Bd7+ Kd5 55. Bxb5 axb4 56. Ke2 Bxc5 57. Bd3 Ra2+ 58. Kd1 Rg2 59.
Bxf5 Rxg3 60. Rd7+ Kc4 61. Rd2 b3 62. Be6+ Kc3 63. Rd5 Bf2 64. Rb5 Rd3+ 65. Ke2
Re3+ 66. Kxf2 Rxe6 67. Kf3 Rc6 0-1

[Event "Tbilisi Municipality Cup"]
[Site "?"]
[Date "2009.06.18"]
[Round "4.22"]
[White "Supatashvili Khvicha"]
[Black "Danelia Mariam"]
[Result "1-0"]
[WhiteElo "2464"]
[BlackElo "2168"]
[PlyCount "101"]
[EventDate "2009.??.??"]
[SourceDate "2009.06.18"]

1. Nf3 Nf6 2. c4 g6 3. Nc3 d5 4. cxd5 Nxd5 5. g3 Bg7 6. Bg2 O-O 7. O-O c5 8.
Qb3 Nxc3 9. dxc3 Qc7 10. Bf4 e5 11. Be3 Na6 12. Rfd1 Rb8 13. Ng5 b5 14. Qd5 Bb7
15. Qd7 h6 16. Qxc7 Nxc7 17. Bxb7 hxg5 18. Bg2 Ne6 19. Bd5 Rfe8 20. Bxe6 Rxe6
21. Bxc5 a6 22. Rd5 Bf8 23. Rad1 Rc8 24. Bxf8 Kxf8 25. Rd7 Rcc6 26. a3 Re7 27.
Kg2 Rxd7 28. Rxd7 Ke8 29. Rd5 f6 30. Kf3 Ke7 31. e4 Rc8 32. h3 Ke6 33. Ke3 Rh8
34. b4 f5 35. Rc5 Kd6 36. a4 bxa4 37. Ra5 Rc8 38. Rxa6+ Rc6 39. b5 Rxa6 40.
bxa6 Kc6 41. Kd3 fxe4+ 42. Kc4 Kb6 43. Kb4 a3 44. Kxa3 Kxa6 45. Kb4 Kb6 46. c4
Kc6 47. c5 e3 48. fxe3 Kd5 49. g4 Ke4 50. c6 Kxe3 51. c7 1-0

[Event "Tbilisi Municipality Cup"]
[Site "?"]
[Date "2009.06.18"]
[Round "4.24"]
[White "Sulashvili Malkhaz"]
[Black "Xomeriki Giorgi"]
[Result "1-0"]
[WhiteElo "2442"]
[BlackElo "2154"]
[PlyCount "107"]
[EventDate "2009.??.??"]
[SourceDate "2009.06.18"]

1. Nf3 d6 2. e4 c5 3. Bc4 Nf6 4. d3 Nc6 5. O-O a6 6. Bb3 Bg4 7. c3 e6 8. h3
Bxf3 9. Qxf3 Be7 10. Qe2 O-O 11. Nd2 b5 12. Nf3 Qc7 13. Bf4 Nd7 14. d4 e5 15.
Be3 exd4 16. cxd4 c4 17. Bc2 Bf6 18. Rad1 Rfe8 19. Bb1 g6 20. Nh2 Bg7 21. Ng4
Rf8 22. d5 Nce5 23. f4 Nxg4 24. hxg4 g5 25. e5 gxf4 26. exd6 Qxd6 27. Bxf4 Qb6+
28. Be3 Rae8 29. Rf3 Qd6 30. Rh3 Nf6 31. Qf3 Rxe3 32. Qxe3 Re8 33. Qf3 Re5 34.
Bf5 h6 35. Qa3 b4 36. Qa4 Nxd5 37. Kh1 Qe7 38. Kh2 Re1 39. Rxe1 Qxe1 40. Qc6
Be5+ 41. g3 Bd4 42. Bh7+ Kh8 43. Qc8+ Kg7 44. Qg8+ Kf6 45. Qh8+ Ke7 46. Qxd4
Ne3 47. Qe4+ Kf8 48. Rxh6 Qd2+ 49. Kh3 Nf1 50. Qa8+ Ke7 51. Qb7+ Kf8 52. Qb8+
Ke7 53. Qc7+ Ke8 54. Re6+ 1-0

[Event "Tbilisi Municipality Cup"]
[Site "?"]
[Date "2009.06.18"]
[Round "4.25"]
[White "Manahvili Aleko"]
[Black "Melia Salome"]
[Result "0-1"]
[WhiteElo "2184"]
[BlackElo "2440"]
[PlyCount "94"]
[EventDate "2009.??.??"]
[SourceDate "2009.06.18"]

1. e4 c5 2. Nf3 d6 3. d4 cxd4 4. Nxd4 Nf6 5. Nc3 Nc6 6. Bc4 e6 7. O-O a6 8. Bb3
Be7 9. Kh1 Na5 10. f4 Nxb3 11. axb3 O-O 12. e5 Ne8 13. Be3 Bd7 14. Qg4 Qb8 15.
Qg3 b5 16. Rad1 Qb7 17. f5 exf5 18. Nxf5 Bxf5 19. Rxf5 dxe5 20. Qxe5 Nf6 21.
Nd5 Rae8 22. Nxe7+ Rxe7 23. Qg3 Ne4 24. Qf3 Qc8 25. c3 Qe6 26. Rfd5 Nxc3 27.
bxc3 Qxe3 28. Qxe3 Rxe3 29. R5d3 Rxd3 30. Rxd3 Re8 31. Kg1 Kf8 32. c4 bxc4 33.
bxc4 Ke7 34. Kf2 a5 35. Ke3 Ra8 36. Ra3 a4 37. Kd4 Kd6 38. c5+ Kc6 39. Kc4 f5
40. h4 Re8 41. Rf3 Re4+ 42. Kc3 g6 43. h5 Kxc5 44. Rd3 Rc4+ 45. Kb2 gxh5 46.
Rd7 Rg4 47. Rd2 Rd4 0-1

[Event "Tbilisi Municipality Cup"]
[Site "?"]
[Date "2009.06.18"]
[Round "4.26"]
[White "Vakhania Alexandra"]
[Black "Khurtsidze Nino"]
[Result "*"]
[WhiteElo "2150"]
[BlackElo "2424"]
[PlyCount "47"]
[EventDate "2009.??.??"]
[SourceDate "2009.06.18"]

1. d4 Nf6 2. Nf3 e6 3. Bg5 c5 4. e3 b6 5. Bd3 Be7 6. Nbd2 Bb7 7. Qe2 cxd4 8.
exd4 Nd5 9. Ne4 O-O 10. Bd2 Qc7 11. Ne5 f5 12. Ng5 Nb4 13. h4 N8c6 14. Qh5 h6
15. Nef7 Bxg5 16. hxg5 Rxf7 17. g6 Rf6 18. Bxh6 d6 19. Bg5 Rxg6 20. Qxg6 Nxd4
21. Bf6 Ndxc2+ 22. Bxc2 Nxc2+ 23. Kd2 Qf7 24. Rh8+ *

[Event "Tbilisi Municipality Cup"]
[Site "?"]
[Date "2009.06.18"]
[Round "4.27"]
[White "Bregadze Levan"]
[Black "Patsia Zviad"]
[Result "0-1"]
[WhiteElo "2420"]
[BlackElo "2145"]
[PlyCount "82"]
[EventDate "2009.??.??"]
[SourceDate "2009.06.18"]

1. d4 d5 2. c4 e6 3. Nf3 Nf6 4. Nc3 a6 5. cxd5 exd5 6. Bg5 Be7 7. e3 O-O 8. Bd3
Nbd7 9. Qc2 c6 10. O-O-O Re8 11. Ne5 h6 12. Bf4 Nxe5 13. Bxe5 Bd6 14. f4 Bb4
15. h3 Nd7 16. Qb3 Bf8 17. Bb1 Be7 18. e4 Nxe5 19. dxe5 d4 20. Qc4 c5 21. Nd5
b5 22. Qc2 a5 23. Qd3 b4 24. g4 Ba6 25. Qf3 Bh4 26. Rhg1 g6 27. g5 hxg5 28.
Nf6+ Kg7 29. Rg4 Bc8 30. Bc2 Bxg4 31. Qxg4 c4 32. Nxe8+ Qxe8 33. Rxd4 Rd8 34.
Rd6 Qe7 35. Kb1 Rxd6 36. exd6 Qxd6 37. fxg5 Qc5 38. e5 Qe3 39. e6 Bxg5 40. Qd1
Qxe6 41. Ka1 Bf6 0-1

[Event "Tbilisi Municipality Cup"]
[Site "?"]
[Date "2009.06.18"]
[Round "4.28"]
[White "Heydarli Kanan"]
[Black "Chigladze Iveri"]
[Result "1/2-1/2"]
[WhiteElo "2120"]
[BlackElo "2418"]
[PlyCount "100"]
[EventDate "2009.??.??"]
[SourceDate "2009.06.18"]

1. d4 g6 2. c4 Bg7 3. Nf3 Nf6 4. Nc3 d5 5. e3 O-O 6. Be2 c5 7. dxc5 dxc4 8. O-O
Qa5 9. Qa4 Qxc5 10. Qxc4 Qxc4 11. Bxc4 Nc6 12. Bd2 Bg4 13. h3 Bxf3 14. gxf3
Rac8 15. Be2 Nb4 16. Rac1 Nbd5 17. Nxd5 Nxd5 18. Rxc8 Rxc8 19. Rc1 Rxc1+ 20.
Bxc1 Nb4 21. Bc4 b5 22. Bxb5 Nxa2 23. Bd2 Bxb2 24. Bc4 Bc3 25. Bxa2 Bxd2 26. f4
e6 27. Kf1 Kf8 28. Ke2 Bb4 29. e4 Ke7 30. Bb3 a5 31. e5 Bc5 32. Kf3 Bd4 33. Ba4
Kd8 34. Bb5 Bb6 35. Ba4 Kc8 36. Be8 Bd4 37. Ba4 Kb7 38. Be8 Kc7 39. Ba4 Bc3 40.
Ke4 Bd2 41. Be8 Kd8 42. Ba4 Ke7 43. Bb3 Kf8 44. Ba4 Kg7 45. Be8 Bb4 46. Kf3 Bd2
47. Ba4 Bc3 48. Bb3 Kh6 49. Ba4 Kg7 50. Bb5 Bd4 1/2-1/2

[Event "Tbilisi Municipality Cup"]
[Site "?"]
[Date "2009.06.18"]
[Round "4.29"]
[White "Morchiashvili Bachana"]
[Black "Gamzardia Giorgi"]
[Result "0-1"]
[WhiteElo "2412"]
[BlackElo "2139"]
[PlyCount "127"]
[EventDate "2009.??.??"]
[SourceDate "2009.06.18"]

1. d4 d6 2. Nf3 g6 3. g3 Bg7 4. Bg2 Nf6 5. c4 O-O 6. Nc3 Nbd7 7. O-O c6 8. e4
Qc7 9. h3 e5 10. Re1 Re8 11. d5 c5 12. a3 a6 13. Bf1 h6 14. Be3 Kh7 15. Kh2 Ng8
16. Bd3 Rf8 17. g4 Ne7 18. Rg1 g5 19. h4 Nf6 20. Nd2 Ng6 21. hxg5 hxg5 22. Bxg5
Rh8 23. f3 Kg8+ 24. Kg2 Nh7 25. Be3 Nf4+ 26. Bxf4 exf4 27. Rh1 Qe7 28. Qc2 Be5
29. Rh5 Ng5 30. Rah1 Rxh5 31. Rxh5 Kg7 32. Nb3 Bd7 33. Qf2 Rh8 34. Rxh8 Kxh8
35. Nc1 Qf6 36. Qh4+ Kg7 37. Qh5 Qd8 38. N1e2 Be8 39. Qh4 f6 40. Qh1 Bd7 41.
Qc1 Qh8 42. Nxf4 Qh4 43. Be2 Kf7 44. Nd1 Qe1 45. Qc2 Bxf4 46. Nf2 Nh3 47. Nxh3
Qg3+ 48. Kf1 Qxh3+ 49. Ke1 Qg3+ 50. Kf1 Be3 51. Bd1 Bd4 52. b3 b5 53. Qg2 Qxg2+
54. Kxg2 bxc4 55. bxc4 Be5 56. Kf2 Bf4 57. Kg2 Ke7 58. Kf2 Kd8 59. Ke2 Bc1 60.
a4 Kc7 61. a5 Kd8 62. Kd3 Kc7 63. Kc2 Bf4 64. Kd3 0-1

[Event "Tbilisi Municipality Cup"]
[Site "?"]
[Date "2009.06.18"]
[Round "4.30"]
[White "Shalamberidze Akaki"]
[Black "Bokuchava Madona"]
[Result "1-0"]
[WhiteElo "2381"]
[BlackElo "2120"]
[PlyCount "103"]
[EventDate "2009.??.??"]
[SourceDate "2009.06.18"]

1. c4 c5 2. Nf3 Nf6 3. Nc3 b6 4. g3 Bb7 5. Bg2 e6 6. O-O Be7 7. Re1 d6 8. e4 a6
9. d4 cxd4 10. Nxd4 Qc7 11. Be3 Nbd7 12. f4 O-O 13. Rc1 Rac8 14. g4 Nc5 15. Bf2
g6 16. f5 Rfe8 17. b4 Ncd7 18. fxe6 fxe6 19. g5 Nh5 20. Nxe6 Qxc4 21. Nd5 Qxc1
22. Qxc1 Rxc1 23. Rxc1 Bd8 24. Nxd8 Rxd8 25. Ne7+ Kf8 26. Rc7 Bxe4 27. Bxe4
Kxe7 28. Bxb6 Ke6 29. Be3 d5 30. Rc6+ Ke5 31. Bd3 Nb8 32. Rc7 d4 33. Bd2 Nf4
34. Rc5+ Nd5 35. Bc4 Ke4 36. Kf2 Nb6 37. Bf1 Rf8+ 38. Ke1 Kf3 39. Re5 Rd8 40.
Bd3 Kg2 41. h4 Rd7 42. Re8 Nc6 43. Be4+ Kg3 44. Bxc6 Rc7 45. Be4 Kxh4 46. Ke2
Nc4 47. Bd3 Nxd2 48. Kxd2 Rc6 49. Re7 Kxg5 50. Rxh7 Rf6 51. Ra7 Rf2+ 52. Be2
1-0

[Event "Tbilisi Municipality Cup"]
[Site "?"]
[Date "2009.06.19"]
[Round "5.2"]
[White "Jobava Baadur"]
[Black "Rasulov Vugar"]
[Result "1-0"]
[WhiteElo "2687"]
[BlackElo "2488"]
[PlyCount "47"]
[EventDate "2009.??.??"]
[SourceDate "2009.06.19"]

1. d4 Nf6 2. c4 g6 3. Nc3 Bg7 4. e4 d6 5. f4 O-O 6. Nf3 c5 7. d5 e6 8. Be2 exd5
9. cxd5 Re8 10. Nd2 Na6 11. O-O Nc7 12. a4 b6 13. Re1 h5 14. h3 a6 15. Bf3 Ng4
16. e5 Qh4 17. Nde4 dxe5 18. f5 Bh6 19. hxg4 Bxc1 20. g3 Qd8 21. Qxc1 hxg4 22.
f6 Rf8 23. Qh6 Ne8 24. Re2 1-0

[Event "Tbilisi Municipality Cup"]
[Site "?"]
[Date "2009.06.19"]
[Round "5.3"]
[White "Kobalia Mikhail"]
[Black "Nigalidze Gaioz"]
[Result "1-0"]
[WhiteElo "2645"]
[BlackElo "2466"]
[PlyCount "79"]
[EventDate "2009.??.??"]
[SourceDate "2009.06.19"]

1. e4 c5 2. Nf3 Nc6 3. d4 cxd4 4. Nxd4 Nf6 5. Nc3 e5 6. Ndb5 d6 7. Bg5 a6 8.
Na3 b5 9. Nd5 Be7 10. Bxf6 Bxf6 11. c4 b4 12. Nc2 a5 13. Be2 O-O 14. O-O Bg5
15. Qd3 Rb8 16. b3 Be6 17. Rad1 Qc8 18. h3 Ne7 19. Nxe7+ Bxe7 20. Qg3 Rb6 21.
Ne3 Rc6 22. Bg4 Qb7 23. Nf5 g6 24. Rd3 Bxf5 25. exf5 Rc5 26. Re1 e4 27. Rd4 Re5
28. c5 dxc5 29. fxg6 hxg6 30. Rd7 Qb8 31. f4 Bf6 32. fxe5 Bxe5 33. Qe3 Bd4 34.
Rxd4 cxd4 35. Qxe4 Qg3 36. Rd1 Qe3+ 37. Qxe3 dxe3 38. Be2 Rc8 39. Bc4 a4 40.
Kf1 1-0

[Event "Tbilisi Municipality Cup"]
[Site "?"]
[Date "2009.06.19"]
[Round "5.4"]
[White "Kekelidze Mikheil"]
[Black "Gagunashvili Merab"]
[Result "0-1"]
[WhiteElo "2498"]
[BlackElo "2591"]
[PlyCount "86"]
[EventDate "2009.??.??"]
[SourceDate "2009.06.19"]

1. d4 d6 2. e4 g6 3. Nc3 Bg7 4. Be3 c6 5. a4 Nf6 6. h3 O-O 7. Nf3 Nbd7 8. a5
Qc7 9. Bc4 Rb8 10. O-O b5 11. axb6 axb6 12. Qc1 b5 13. Bd3 e5 14. Bh6 Re8 15.
Bxg7 Kxg7 16. b4 d5 17. Qb2 dxe4 18. Bxe4 exd4 19. Nxd4 Ne5 20. Rad1 Bxh3 21.
gxh3 Nc4 22. Qa1 Ra8 23. Ncxb5 Qe5 24. Qc3 Nxe4 25. Qxc4 cxb5 26. Nxb5 Nd2 27.
Rxd2 Qg5+ 28. Qg4 Qxd2 29. Qd4+ Qxd4 30. Nxd4 Rec8 31. Rd1 Rc3 32. b5 Kf6 33.
Nc6 Rxc2 34. Rd6+ Kg7 35. b6 Ra1+ 36. Kg2 Rb1 37. Ne5 Re2 38. Nd3 Rb3 39. Nf4
Reb2 40. Nd5 Rd2 41. Rd7 Rb5 42. Nf6 Rxd7 43. Nxd7 f6 0-1

[Event "Tbilisi Municipality Cup"]
[Site "?"]
[Date "2009.06.19"]
[Round "5.5"]
[White "Mchedlishvili Mikheil"]
[Black "Gvetadze Sopio"]
[Result "1-0"]
[WhiteElo "2586"]
[BlackElo "2364"]
[PlyCount "49"]
[EventDate "2009.??.??"]
[SourceDate "2009.06.19"]

1. d4 d5 2. c4 e6 3. Nf3 Nf6 4. Nc3 Be7 5. Bf4 O-O 6. e3 c5 7. dxc5 Bxc5 8. Qc2
Qe7 9. Bg5 Rd8 10. a3 Nc6 11. O-O-O dxc4 12. Bxc4 a6 13. Ne4 Rxd1+ 14. Rxd1 Bb6
15. Ba2 Bd8 16. Nxf6+ gxf6 17. Bb1 Kf8 18. Bh6+ Ke8 19. Qxh7 Qc5+ 20. Bc2 Be7
21. b4 Qd6 22. Rxd6 Bxd6 23. Qg8+ Kd7 24. Qxf7+ Be7 25. Bf8 1-0

[Event "Tbilisi Municipality Cup"]
[Site "?"]
[Date "2009.06.19"]
[Round "5.6"]
[White "Sanikidze Tornike"]
[Black "Harutyunyan Gevorg"]
[Result "1/2-1/2"]
[WhiteElo "2559"]
[BlackElo "2504"]
[PlyCount "147"]
[EventDate "2009.??.??"]
[SourceDate "2009.06.19"]

1. d4 Nf6 2. Nf3 e6 3. c4 Bb4+ 4. Bd2 a5 5. Nc3 b6 6. e3 Bb7 7. Bd3 d5 8. cxd5
exd5 9. Qc2 O-O 10. O-O Nbd7 11. Rac1 Qe7 12. a3 Bxc3 13. Bxc3 Ne4 14. Nd2 f5
15. Rce1 c5 16. f3 Nd6 17. Qb1 Qe6 18. Re2 Ba6 19. Bxa6 Rxa6 20. Rfe1 Ra7 21.
e4 fxe4 22. fxe4 Nb5 23. Qd3 Nxd4 24. Bxd4 cxd4 25. Qxd4 Nf6 26. e5 Nh5 27. Nf3
Nf4 28. Rd2 h6 29. Kh1 Raf7 30. Ng1 Rc8 31. b3 Rc5 32. Rf2 Ng6 33. Rxf7 Kxf7
34. Nf3 Kg8 35. h3 Ne7 36. Kh2 Nc6 37. Qd3 d4 38. Nxd4 Nxe5 39. Qe4 Qd6 40. Kh1
Qg6 41. Nf5 Nc6 42. g4 Qf7 43. Rf1 Qd5 44. Qxd5+ Rxd5 45. Rc1 Rc5 46. Rxc5 bxc5
47. Kg2 g6 48. Nxh6+ Kg7 49. g5 Nd4 50. Ng4 Nxb3 51. Ne5 Nd2 52. h4 Nb1 53. Nc4
Kf7 54. Kf3 a4 55. Kg4 Nc3 56. Ne5+ Kg7 57. Kf4 Nd5+ 58. Ke4 Nc3+ 59. Kd3 Nb5
60. Nd7 Nxa3 61. Nxc5 Nb5 62. Nxa4 Nd6 63. Nc5 Nf5 64. Ne6+ Kf7 65. Nd4 Nxh4
66. Ke4 Nf5 67. Nxf5 gxf5+ 68. Kxf5 Kg7 69. g6 Kg8 70. Kg5 Kg7 71. Kh5 Kg8 72.
Kh6 Kh8 73. g7+ Kg8 74. Kg6 1/2-1/2

[Event "Tbilisi Municipality Cup"]
[Site "?"]
[Date "2009.06.19"]
[Round "5.7"]
[White "Margvelashvili Giorgi"]
[Black "Mamedjarova Zeinab"]
[Result "1-0"]
[WhiteElo "2491"]
[BlackElo "2316"]
[PlyCount "95"]
[EventDate "2009.??.??"]
[SourceDate "2009.06.19"]

1. c4 f5 2. Nc3 Nf6 3. g3 g6 4. Bg2 Bg7 5. d3 O-O 6. e4 fxe4 7. dxe4 d6 8. Nge2
Ng4 9. O-O c6 10. b3 Qb6 11. Qe1 Na6 12. Na4 Qc7 13. Bb2 Ne5 14. Qd1 Nc5 15.
Nxc5 Nf3+ 16. Bxf3 Bxb2 17. Rb1 Bg7 18. Bg2 dxc5 19. Qc2 Be6 20. f4 Bd4+ 21.
Kh1 Rad8 22. Rbd1 Qc8 23. Rd3 Bg7 24. Rfd1 Bg4 25. Bf3 Bxf3+ 26. Rxf3 Rxd1+ 27.
Qxd1 Qg4 28. Qd3 e5 29. Kg2 exf4 30. Rxf4 Qc8 31. Rxf8+ Qxf8 32. Qd7 Qf7 33.
Qc8+ Qf8 34. Qe6+ Qf7 35. Nf4 Bf8 36. Qc8 g5 37. Ne6 g4 38. Ng5 Qg6 39. Qxg4
Be7 40. Qe6+ Qxe6 41. Nxe6 Kf7 42. Nf4 Kf6 43. Nd3 Kg5 44. Kf3 h5 45. h4+ Kf6
46. Kf4 Ke6 47. e5 b6 48. Ke4 1-0